000
00294nam a22001337a 4500
008
170908b xxu||||| |||| 00| 0 eng d
020
_a
9780767405058
041
_a
eng
080
_2
4TH
_a
91
100
_a
42
101
_a
GJEO
245
_a
VICTIMS OF PROGRESS
_c
BODLEY,J.H
942
_2
udc
_c
BK
999
_c
26810
_d
26810